| 000 | 00411nam a22001697a 4500 | ||
|---|---|---|---|
| 003 | NUST - PNEC | ||
| 005 | 20170116180952.0 | ||
| 008 | 150908b xxu||||| |||| 00| 0 eng d | ||
| 020 | _a8170297958 | ||
| 040 | _cLIBRARY | ||
| 082 | _a621.38152 LAN | ||
| 100 |
_99217 _aLancaster, Dan |
||
| 245 |
_aCMOS:cookbook _cDan Lancaster |
||
| 250 | _a2nd ed. | ||
| 650 |
_99218 _aCookbook _xEE , MIS |
||
| 942 |
_2ddc _cBK |
||
| 999 |
_c66471 _d66471 |
||